Department of the Interior and the Department of Health and Human Services Tribal Self-Governance Act : hearing before the Committee on Indian Affairs, United States Senate, One Hundred Eighth Congress, second session, on S. 1715 [and] S. 1696, to amend the Indian Self-Determination and Education Assistance Act to provide further self-governance by Indian tribes, May 12, 19, 2004, Washington, DC.

Bibliographic Details
Corporate Author: United States. Congress. Senate. Committee on Indian Affairs (1993- )
Format: Government Document Book
Language:English
Published: Washington : U.S. G.P.O. : 2004.
Series:S. hrg. ; 108-584
Subjects:
Online Access:https://purl.fdlp.gov/GPO/LPS55750

MARC

Tag First Indicator Second Indicator Subfields
LEADER 00000cam a2200000 a 4500
001 in00002013239
005 20211202202757.0
006 m d f
008 041123s2004 dcu f000 0 eng c
020 |a 0160736447 
035 |a (OCoLC)ocm56725795 
037 |a 552-070-31912-3  |b GPO 
040 |a SEN  |c SEN  |d GPO  |d MvI  |d UtOrBLW 
042 |a pcc 
043 |a n-us--- 
049 |a UDOC 
049 |a WWW 
050 1 4 |a KF26  |b .I45 2004h 
074 |a 1009-B-05 
074 |a 1009-B-05 (online) 
074 |a 1009-C-05 (MF) 
074 |a 1009-C-05 (online) 
086 0 |a Y 4.IN 2/11:S.HRG.108-584 
110 1 |a United States.  |b Congress.  |b Senate.  |b Committee on Indian Affairs (1993- ) 
245 1 0 |a Department of the Interior and the Department of Health and Human Services Tribal Self-Governance Act :  |b hearing before the Committee on Indian Affairs, United States Senate, One Hundred Eighth Congress, second session, on S. 1715 [and] S. 1696, to amend the Indian Self-Determination and Education Assistance Act to provide further self-governance by Indian tribes, May 12, 19, 2004, Washington, DC. 
264 1 |a Washington :  |b U.S. G.P.O. :  |c 2004. 
264 2 |a Washington :  |b For sale by the Supt. of Docs., U.S. G.P.O., 
300 |a iii, 178 pages ;  |c 24 cm. 
336 |a text  |b txt  |2 rdacontent 
337 |a unmediated  |b n  |2 rdamedia 
338 |a volume  |b nc  |2 rdacarrier 
490 1 |a S. hrg. ;  |v 108-584 
500 |a Distributed to some depository libraries in microfiche. 
500 |a Shipping list number: 2005-0038-P. 
500 |a Shipping List Date: 11/19/2004 
530 |a Also available via Internet from the GPO Access web site. Address as of 11/29/04: http://frwebgate.access.gpo.gov/cgi-bin/getdoc.cgi?dbname=108%5Fsenate%5Fhearings&docid=f:93687.pdf; current access is available via PURL. 
650 0 |a Indians of North America  |x Legal status, laws, etc. 
650 0 |a Indians of North America  |x Politics and government. 
650 0 |a Indians of North America  |x Government relations. 
810 1 |a United States.  |b Congress.  |b Senate.  |t S. hrg. ;  |v 108-584. 
856 4 1 |u https://purl.fdlp.gov/GPO/LPS55750  |t 0 
999 |a MARS 
999 f f |s 0020609f-a484-3c7e-9e32-f3c3bc78b4a1  |i db8fd7ff-bac9-3b61-936b-fc4c3375510b  |t 0 
952 f f |a Texas A&M University  |b College Station  |c Electronic Resources  |d Available Online  |t 0  |e Y 4.IN 2/11:S.HRG.108-584  |h Superintendent of Documents classification 
998 f f |a Y 4.IN 2/11:S.HRG.108-584  |t 0  |l Available Online